| 000 | 00592nam a22001937a 4500 | ||
|---|---|---|---|
| 003 | OSt | ||
| 005 | 20250730022309.0 | ||
| 008 | 250730b |||||||| |||| 00| 0 eng d | ||
| 020 | _a9788131310687 | ||
| 040 |
_aDWCL-Main lib _cOC |
||
| 082 | _aCirc. 025.0202 T624L 2011 | ||
| 100 | _aTiwari, Purushotham | ||
| 245 |
_aLibrary computerisation/ _cPurushotam Tiwari |
||
| 260 |
_aNew Delhi : _bAPH Publishing, _cc2011. |
||
| 300 |
_aviii, 267 pages ; _c 21 cm. |
||
| 504 | _aIncludes bibliography and index. | ||
| 650 | _a1. Libraries--India--Automation. | ||
| 942 |
_2ddc _cBK-CIRC _kCirc. _n0 |
||
| 999 |
_c3884 _d3884 |
||